Business ethics in questions and answers stakeholder management : innovation and creativity : manager's way to business ethics

Bibliographic Details
Main Author: Dytrt, Zdeněk, 1930- (Author)
Other Authors: Šerek, Radomír (Translator), Vaněk, Jiří (Translator)
Format: Book
Language:English
Czech
PhysicalDescription:175 s. grafy, sch., tab. 22 cm
Published: Žilina Georg 2011
ISBN:9788089401284
Edition:1st ed.
Subjects:

MARC

LEADER 00000cam a2200000 a 4500
001 vtls010344158
003 SK-MaSNL
005 20260301032451.0
008 240313s2011 xo dl f 000 0 eng
015 |a SNBA2012/07-03952 
020 |a 9788089401284  |q (brož.) 
035 |a 5C281293-DCD7-4715-9053-1D798C938F08 
035 |a urn:nbn:sk:snk-amjjzb 
035 |a urn:nbn:sk:snk-am000yph 
040 |a SNK  |b slo  |c SNK  |e AACR2 
041 1 |a eng  |h cze 
044 |a xo  |c SK 
072 7 |a 658  |x Riadenie a správa podniku  |2 konspekt 
080 |a 17:658  |2 2001 
080 |a 658.114  |2 2001 
080 |a (048.8)  |2 2001 
080 |a 005.342  |2 2001 
080 |a 159.954  |2 2001 
100 1 |a Dytrt, Zdeněk,  |d 1930-  |4 aut  |9 90172 
245 1 0 |a Business ethics in questions and answers  |b stakeholder management : innovation and creativity : manager's way to business ethics  |c Zdenk Dytrt and collective of authors ; [translated by Radomír Šerek, Jiří Vaněk] 
250 |a 1st ed. 
260 |a Žilina  |b Georg  |c 2011 
300 |a 175 s.  |b grafy, sch., tab.  |c 22 cm 
500 |a Pravdepodobne preložené z češtiny 
504 |a Bibliogr. Bibliogr. odkazy. Pozn. 
650 0 7 |a manažérska etika  |2 SNKPH  |9 4266 
650 0 7 |a podnikanie  |2 SNKPH  |9 1757 
650 0 7 |a Business ethics  |2 SNKPHeng  |9 313125 
650 0 7 |a Business  |2 SNKPHeng  |9 268171 
650 0 7 |a manažment inovácií  |2 SNKPH  |9 931 
650 0 7 |a Innovation management  |2 SNKPHeng  |9 322925 
650 0 7 |a Creative ability  |2 SNKPHeng  |9 274857 
650 0 7 |a kreativita  |2 SNKPH  |9 4339 
655 7 |a monografie  |2 SNKPH  |9 70139 
655 7 |a Monographs  |2 SNKPHeng  |9 120675 
700 1 |a Šerek, Radomír  |4 trl  |9 329827 
700 1 |a Vaněk, Jiří  |4 trl  |9 293144 
852 |a Štátna vedecká knižnica v Banskej Bystrici 
919 |a 978-80-89401-28-4 
958 |a OP 
958 |a NB 
968 |b ČES  |d 1 
999 |c 578459  |d 580389 
952 |a SNK  |b SNK  |y PREZ  |7 0  |p 17A0878804  |o snkSC 148543  |i snk2012/5027  |8 0  |0 0  |1 0  |4 0  |d 2012-02-24  |l 0  |r 2025-07-17 00:00:00  |w 2026-02-23 
952 |a SNK  |b SNK  |y VYP  |7 0  |p 17A0878805  |o snkSC 148543 D1  |i snk2012/5028  |8 0  |0 0  |1 0  |4 0  |d 2012-02-24  |l 0  |r 2026-02-23 14:41:01  |w 2026-02-23